Normal view
MARC view
Entry Personal Name
001 - CONTROL NUMBER
- control field: 17740
003 - CONTROL NUMBER IDENTIFIER
- control field: dpl
005 - DATE AND TIME OF LATEST TRANSACTION
- control field: 20100831144837.0
008 - FIXED-LENGTH DATA ELEMENTS
- fixed length control field: 100831|||a|||||| | ||| d
040 ## - CATALOGING SOURCE
- Original cataloging agency: dpl
- Transcribing agency: dpl
100 ## - HEADING--PERSONAL NAME
- Personal name: Roy, Juthika
670 ## - SOURCE DATA FOUND
- Source citation: Work cat.: (dpl)43137: Roy, Juthika, Mera dil tera tha tera dil mera tha part 1 :
670 ## - SOURCE DATA FOUND
- Source citation: Work cat.: (dpl)43137: Roy, Juthika, Mera dil tera tha tera dil mera tha part 1 :
